000 01216nam a22003497a 4500
003 CHAP
005 20220329135746.0
008 971013s1975 r 00010 d
010 _a41609
011 _a42581
035 _a46710
040 _cCHAP
090 _aFolleto 4793
100 0 0 _aMuñoz Marín, Milton Gerardo.
_979632
245 _aCanales de comunicación que utilizan los campesinos de la región del Ariari
260 _a(Tibaitatá) :
_bInstituto Colombiano Agropecuario,
_c1975
300 _a59 p.
_b: ilus. ; gráfs
490 _aBoletín de investigación
_v; 15
590 _aBATCH-UPD
_b10
_c20130109
_lUCH01
_h2335
590 _aBATCH-UPD
_b10
_c20130110
_lUCH01
_h1736
590 _aBATCH-UPD
_b10
_c20130409
_lUCH01
_h1902
590 _aBATCH-UPD
_b10
_c20130410
_lUCH01
_h1116
590 _aBATCH-UPD
_b10
_c20130914
_lUCH01
_h0657
590 _aCONVERSION
_b10
_c20130109
_lUCH01
_h1323
650 1 4 _aComunicación de masas.
_926210
650 1 4 _aComunicación en agricultura.
_926212
650 1 4 _aExtensión agrícola
_xColombia.
_939154
830 0 _aBoletín de investigación
_v; 15
_913532
901 _aBK
942 _cFOLL
949 _aFolleto 4793
_bBC
_cFOLL
_d-106435
_eTS1
_i46710
_mD
_si
999 _c41609
_d41609